| 000 | 01128nam a2200349Ia 4500 | ||
|---|---|---|---|
| 003 | OSt | ||
| 005 | 20220912145341.0 | ||
| 006 | a|||||r|||| 00| 0 | ||
| 007 | ta | ||
| 008 | 220909b |||||||| |||| 00| 0 eng d | ||
| 020 | _a9781584886686 (hbd) | ||
| 024 | _a82776 | ||
| 037 | _b34, 18/12/2008, Aviva Books Company | ||
| 037 | _cTextbook | ||
| 040 |
_aCSL _beng _cCSL |
||
| 041 | _aeng | ||
| 082 | _aB2880ObLZ3, N8;P9 TB | ||
| 100 | _aChow Shein-Chung | ||
| 245 | 0 | _aDesign and analysis of bioavailability and bioequivalence studies | |
| 250 | _a3 | ||
| 260 |
_aBoca Raton _bCRC Pres _c2009 |
||
| 300 |
_axxii, 733p. _ccm. |
||
| 490 | _aChampman and Hall/CRC biostatistics series | ||
| 500 | _a''References 647-667p''.; ''Appendix A-B, 669-713p''.; ''Index 715-733p''. | ||
| 650 | _a AUC calculation | ||
| 650 | _a Bioavailability Studies | ||
| 650 | _a Outlier detection | ||
| 650 | _aStatistics | ||
| 700 | _a Liu Jen-Pei | ||
| 942 |
_hB2880ObLZ3, N8;P9 TB _cTB _2CC |
||
| 999 |
_c29591 _d29591 |
||